Alexander the great, master of the ancient world / (Record no. 3662)
[ view plain ]
| 000 -LEADER | |
|---|---|
| fixed length control field | 00911nam a22002417a 4500 |
| 001 - CONTROL NUMBER | |
| control field | 3662 |
| 003 - CONTROL NUMBER IDENTIFIER | |
| control field | FISKH |
| 005 - DATE AND TIME OF LATEST TRANSACTION | |
| control field | 20240403150144.0 |
| 008 - FIXED-LENGTH DATA ELEMENTS--GENERAL INFORMATION | |
| fixed length control field | 240403b cb ||||| |||| 00| 0 eng d |
| 040 ## - CATALOGING SOURCE | |
| Original cataloging agency | FISK |
| Language of cataloging | eng |
| Transcribing agency | FISK |
| Modifying agency | FISK |
| 050 ## - LIBRARY OF CONGRESS CALL NUMBER | |
| Classification number | DF234.W715 |
| 082 ## - DEWEY DECIMAL CLASSIFICATION NUMBER | |
| Classification number | 938.07092 |
| 100 ## - MAIN ENTRY--PERSONAL NAME | |
| Personal name | Wilhelm Doug |
| Dates associated with a name | 1952- |
| 245 ## - TITLE STATEMENT | |
| Title | Alexander the great, master of the ancient world / |
| Statement of responsibility, etc. | Doug Wilhelm |
| 260 ## - PUBLICATION, DISTRIBUTION, ETC. | |
| Place of publication, distribution, etc. | New York : |
| Name of publisher, distributor, etc. | Franklin Watts, |
| Date of publication, distribution, etc. | 2016 |
| 300 ## - PHYSICAL DESCRIPTION | |
| Extent | 144 pages : |
| Other physical details | Color illustrations, |
| Dimensions | 19 cm |
| 505 ## - FORMATTED CONTENTS NOTE | |
| Formatted contents note | U |
| 520 ## - SUMMARY, ETC. | |
| Summary, etc. | An engaging narrative about Alexander the Great who became king of Macedonia at age 20; commanded the best-trained fighting force in the ancient world; and carved a 12,000 mile-path across Asia, defeating princes, satraps, and kings to become a legend in his own time. |
| 521 8# - TARGET AUDIENCE NOTE | |
| Target audience note | 960 |
| Source | Lexile |
| 700 ## - ADDED ENTRY--PERSONAL NAME | |
| Personal name | Doug Wilhelm |
| 942 ## - ADDED ENTRY ELEMENTS (KOHA) | |
| Source of classification or shelving scheme | Dewey Decimal Classification |
| Koha item type | Books |
| Suppress in OPAC | No |
| Withdrawn status | Lost status | Source of classification or shelving scheme | Damaged status | Not for loan | Collection | Home library | Current library | Shelving location | Date acquired | Total Checkouts | Full call number | Barcode | Date last seen | Copy number | Price effective from | Koha item type |
|---|---|---|---|---|---|---|---|---|---|---|---|---|---|---|---|---|
| Dewey Decimal Classification | Non-Fiction | Footprints International School Library Network Toul Kork Campus | Footprints International School Library Network Toul Kork Campus | TTP Secondary Non-Fiction Bookshelves | 04/03/2024 | WIL DF234.W715 938.07092 | 2024-0462 | 04/03/2024 | 1 | 04/03/2024 | Books |
